| 000 | 00564nam a22002052 4500 | ||
|---|---|---|---|
| 001 | 0000005909 | ||
| 005 | 20151217155212.0 | ||
| 008 | 070809s xx 000 0 eng d | ||
| 020 | _a8179922316 : | ||
| 040 |
_aKABU _cKABU |
||
| 050 | 0 |
_aHD57.7 _b.S53 |
|
| 100 | 1 |
_aSharma, Robin. _@0000157195 |
|
| 245 | 1 | 0 |
_aLeadership wisdom : _bthe 8 rituals of visionary leaders. |
| 260 |
_aMumbai : _bJaico, _c2003. |
||
| 300 | _a254 p. | ||
| 650 | 0 |
_aLeadership. _@0000150687 |
|
| 908 | _a070809 | ||
| 950 | _@1 | ||
| 999 |
_c11964 _d11964 |
||